Ingeniería de control de la contaminación del aire (Registro nro. 4881)

Detalles MARC
000 -LEADER
fixed length control field 01477 a2200241 4500
001 - CONTROL NUMBER
control field 49786
005 - DATE AND TIME OF LATEST TRANSACTION
control field 20260407155759.0
008 - FIXED-LENGTH DATA ELEMENTS--GENERAL INFORMATION
fixed length control field 260407a1998 arg spa d
003 - CONTROL NUMBER IDENTIFIER
control field AR-UNSa-BCEJYS
040 ## - CATALOGING SOURCE
Original cataloging agency AR-UNSa-BCEJYS
Language of cataloging spa
Transcribing agency AR-UNSa-BCEJYS
080 ## - UNIVERSAL DECIMAL CLASSIFICATION NUMBER
Universal Decimal Classification number 504.054
Common auxiliary subdivision Efectos de materiales nocivos. Contaminación
020 ## - INTERNATIONAL STANDARD BOOK NUMBER
International Standard Book Number 970-10-1682-3
041 ## - LANGUAGE CODE
Language code of text/sound track or separate title spa
100 1# - MAIN ENTRY--PERSONAL NAME
Personal name Nevers, Noel de
245 10 - TITLE STATEMENT
Title Ingeniería de control de la contaminación del aire
264 #1 - PRODUCTION, PUBLICATION, DISTRIBUTION, MANUFACTURE, AND COPYRIGHT NOTICE
Place of production, publication, distribution, manufacture México :
Name of producer, publisher, distributor, manufacturer McGraw-Hill
Date of production, publication, distribution, manufacture, or copyright notice 1998
300 ## - PHYSICAL DESCRIPTION
Extent xx, 546 p.
Dimensions 24 cm.
505 ## - FORMATTED CONTENTS NOTE
Formatted contents note 1. Introducción al control de la contaminación del aire - 2. Efectos de la contaminación del aire - 3. Leyes y reglamentaciones acerca del control de la contaminación del aire, filosofías del control de la contaminación del aire - 4. Mediciones de la contaminación del aire, estimaciones de las emisiones - 5. Meteorología para los ingenieros en control de la contaminación del aire - 6. Modelos de concentración de los contaminantes del aire - 7. Naturaleza de los contaminantes en partículas - 8. Control de los óxidos de azufre - 9. Control de los óxidos de nitrógeno - 10. El problema de los vehículos de motor - 11. Contaminantes del aire y el clima global - 12. Otros temas.
590 ## - LOCAL NOTE (RLIN)
Local note niveau_biblio:m niveau_hierar:0
700 1# - ADDED ENTRY--PERSONAL NAME
Personal name Pérez Castellanos, José Hernán
856 41 - ELECTRONIC LOCATION AND ACCESS
Uniform Resource Identifier <a href="https://www.biblioeco.unsa.edu.ar/pmb/images/libros/L128178.jpg">https://www.biblioeco.unsa.edu.ar/pmb/images/libros/L128178.jpg</a>
Link text Imagen de portada
Electronic format type image/jpeg
942 ## - ADDED ENTRY ELEMENTS (KOHA)
Koha item type
Existencias
Withdrawn status Lost status Damaged status Not for loan Home library Current library Shelving location Date acquired Total checkouts Full call number Barcode Date last seen Price effective from Koha item type
        Biblioteca Prof. Eusebio Cleto del Rey Biblioteca Prof. Eusebio Cleto del Rey   07/04/2026   504.054 N513 L128178 07/04/2026 07/04/2026 Libro